| 000 | 00854nam a2200265 i 4500 | ||
|---|---|---|---|
| 001 | 14960 | ||
| 003 | ES-MaACL | ||
| 005 | 20230906150940.0 | ||
| 007 | t| | ||
| 008 | 991122r19961995sp ||||1| spa d | ||
| 020 | _a84-486-0113-0 | ||
| 080 | _a616(075.8) | ||
| 100 | 1 |
_aCotran, Ramzi S. _941179 |
|
| 245 | 1 | 0 |
_aPatología estructural y funcional / _cRamzi S. Cotran, Vinay Kumar, Stanley L. Robbins ; editor Frederick J. Schoen. |
| 250 | _a5ª ed., 1ª reimp. | ||
| 260 |
_aMadrid : _bMcGraw-Hill, Interamericana de España, _c1995 ( _g1996 imp.) |
||
| 300 |
_aXIV, 1533 p. : _bil. ; _c29 cm. |
||
| 500 | _aIndice. | ||
| 504 | _aBibliografía. | ||
| 650 | 0 | 4 |
_aPatología. _915884 |
| 700 | 1 |
_aKumar, Vinay. _969017 |
|
| 700 | 1 |
_aRobbins, Stanley L. _997790 |
|
| 700 | 1 |
_aSchoen, Frederick J. _9104604 |
|
| 852 |
_aES-MaACL _jL-22108 _bR.127422 |
||
| 999 |
_c14960 _d14960 |
||